Claudius the God and His Wife Messalina : The Troublesome Reign of Tiberius Claudius Caesar, Emperor of the Romans, Born 10 B.C., Died A.D. 54, as Described by Himself : Also His Murder at the Hands of the Notorious Agrippina, Mother of the Emperor Nero, and His Subsequent Deification, as Described by Others /

Saved in:
Bibliographic Details
Main Author: Graves, Robert (autor)
Format: Book
Language:English
Published: Londres, Inglaterra : Eyre Methuen, 1976
Tags: Add Tag
No Tags, Be the first to tag this record!

MARC

LEADER 00000nam^a2200000^a^4500
001 000432904
005 20250526000000.0
009 20260310123026.061
020 |a 0-413-37080-1 
037 |a Acervo ITESO - Biblioteca 
041 |a ING 
091 |a FHM. 06247 
100 |a Graves, Robert  |e (autor) 
245 1 0 |a Claudius the God and His Wife Messalina :  |b The Troublesome Reign of Tiberius Claudius Caesar, Emperor of the Romans, Born 10 B.C., Died A.D. 54, as Described by Himself : Also His Murder at the Hands of the Notorious Agrippina, Mother of the Emperor Nero, and His Subsequent Deification, as Described by Others / 
264 1 |a Londres, Inglaterra :  |b Eyre Methuen,  |c 1976 
300 |a VI, 329 p. ;  |c 22.0 cm. 
336 |a texto  |b txt  |2 rdacontenido 
337 |a sin mediación  |b n  |2 rdamedio 
338 |a volumen  |b nc  |2 rdasoporte 
649 |a XX 
910 |a Fondo Hugo B. Margáin 
920 |a Impresos - Libros 
930 |a Libros Antiguos y Raros 
905 |a 126 
901 |a 0500315969  |b IT2  |c LRA  |i D106641  |u 20250526 
902 |a https://opac.biblio.iteso.mx/vufind/Record/000432904